000 00605nam a2200229 a 4500
001 BRCA_8110
005 20190320210133.0
008 090414s1962----fr-a###f##---#000-0#fre-#
041 _afre
044 _afr
050 4 _aNK7210
_b.P751
_c1962
245 1 0 _aLes Poincons de Garantie Internationaux puor L´Argent.
250 _a6
260 _aParis
_bTardy
_c1962
300 _a420 p.
_bil.
_c17 cm.
440 0 _aPoincons d´Argent
_920190
500 _aY162
650 1 4 _aPlatería
_vEstándares internacionales
_920191
650 1 4 _aPlatería
_vTécnicas
_920192
902 _aGFM
942 _2lcc
_cB
999 _c7778
_d7778